Normal view
MARC view
Entry Corporate Name
001 - CONTROL NUMBER
- control field: 55942
003 - CONTROL NUMBER IDENTIFIER
- control field: dpl
005 - DATE AND TIME OF LATEST TRANSACTION
- control field: 20230905152658.0
008 - FIXED-LENGTH DATA ELEMENTS
- fixed length control field: 230905|| aca||aabn | a|a d
040 ## - CATALOGING SOURCE
- Original cataloging agency: dpl
- Transcribing agency: dpl
110 ## - HEADING--CORPORATE NAME
- Corporate name or jurisdiction name as entry element: राम प्रमोद चौधरी
670 ## - SOURCE DATA FOUND
- Source citation: Work cat.: (dpl)197845: झा, इन्द्रकांत 55941, इंद्रा दिव्यांजलि /, 2020
